header

Graph theory with applications (Record no. 54713)

MARC details
000 -LEADER
fixed length control field 01110nam a2200289 a 4500
100 1# - MAIN ENTRY--AUTHOR NAME
Personal name Vasudev, C.
245 10 - TITLE STATEMENT
Title Graph theory with applications
260 ## - PUBLICATION, DISTRIBUTION, ETC. (IMPRINT)
Place of publication New Delhi :
Name of publisher New Age International (P) Ltd., Publishers,
Year of publication 2006.
300 ## - PHYSICAL DESCRIPTION
Number of Pages xx, 466 p. :
Other physical details ill.
500 ## - GENERAL NOTE
General note "Common to all Indian universities."
650 #0 - SUBJECT ADDED ENTRY--TOPICAL TERM
Topical Term Graph theory.
Topical Term Graph theory
856 40 - ELECTRONIC LOCATION AND ACCESS
Uniform Resource Identifier http://site.ebrary.com/lib/rucke/Doc?id=10323360

No items available.

© 2026 Rongo University
Contact us: librarian | system librarian | Rongo university